Top 30 NF Songs - Statistics

General Stats
  • This quiz has been taken 26 times
  • The average score is 13 of 30
Answer Stats
# Song Rating % Correct
3. Let You Down 79
95%
16. The Search 71
85%
2. Mansion 80
75%
6. CLOUDS 76
70%
7. Lie 75
65%
5. Therapy Session 77
55%
1. How Could You Leave Us 89
50%
10. Time 73
50%
17. Time 71
50%
25. Change 69
40%
28. Hate Myself 68
40%
24. I Miss the Days 69
40%
4. Intro III 78
40%
30. Leave Me Alone 67
40%
11. LOST 73
40%
8. PAID MY DUES 74
40%
9. Paralyzed 74
40%
18. STORY 71
40%
22. If You Want Love 70
35%
29. JUST LIKE YOU 67
35%
26. Nate 68
35%
14. TRUST 72
35%
15. Dreams 72
25%
23. DRIFTING 69
25%
20. I Just Wanna Know 70
25%
12. Outro 72
25%
27. Outcast 68
20%
21. Lost in the Moment 70
15%
19. Real 70
15%
13. Remember This 72
15%
No matching quizzes found
Score Distribution
Percent of People with Each Score
Percentile by Number Answered
Your Score History
You have not taken this quiz